000 00653nam a2200277Ia 4500
005 20260324144307.0
008 008 260324s9999 xx 000 0 eng d
020 _a9781315798646
037 _aEBOOK
040 _aCRL
040 _beng
040 _cCRL
041 _2eng
041 _aeng
084 _qCRL
100 _aLenora Fulani
_91218786
245 4 _aThe Psychopathology of Everyday Racism and Sexism
260 _bTaylor and Francis
260 _c1988
365 _a
365 _b98.99
856 _uhttp://www.taylorfrancis.com/books/9781315798646
942 _cEBOOK
999 _c1825238
_d1825238